Jurnal Antarabangsa Alam dan Tamadun Melayu

Bibliographic Details
Format: Book
Published: Bangi Institut Bahasa, Kesusasteraan dan Kebudayaan Melayu, Universiti Kebangsaan Malaysia 1981-
Subjects:

MARC

LEADER 00000cam a2200000 7i4500
001 0000000526
008 021118s1981
022 0 |a 01272721 
090 0 0 |a PL5103  |b .S3 
245 0 0 |a Jurnal Antarabangsa Alam dan Tamadun Melayu 
260 2 |a Bangi  |b Institut Bahasa, Kesusasteraan dan Kebudayaan Melayu, Universiti Kebangsaan Malaysia  |c 1981- 
650 0 |a Malay language  |v Periodicals 
745 0 0 |a Jurnal iman 
999 |a 1000066571  |b Serials  |c Reference  |e Gong Badak Campus 
999 |a 1000067678  |b Serials  |c Reference  |e Gong Badak Campus 
999 |a 1000068533  |b Serials  |c Reference  |e Gong Badak Campus 
999 |a 1000068534  |b Serials  |c Reference  |e Gong Badak Campus 
999 |a 1000101842  |b Serials  |c Reference  |e Gong Badak Campus 
999 |a 1000110035  |b Serials  |c Reference  |e Gong Badak Campus 
999 |a 1000110036  |b Serials  |c Reference  |e Gong Badak Campus 
999 |a 1000114034  |b Serials  |c Reference  |e Gong Badak Campus 
999 |a 1000139579  |b Serials  |c Reference  |e Gong Badak Campus 
999 |a 1000149266  |b Serials  |c Reference  |e Gong Badak Campus 
999 |a 1000153694  |b Serials  |c Reference  |e Gong Badak Campus 
999 |a 1000163587  |b Serials  |c Reference  |e Gong Badak Campus 
999 |a 1000170608  |b Serials  |c Reference  |e Gong Badak Campus 
999 |a 1000170611  |b Serials  |c Reference  |e Gong Badak Campus 
999 |a 1000186007  |b Serials  |c Reference  |e Gong Badak Campus 
999 |a 1000186008  |b Serials  |c Reference  |e Gong Badak Campus 
999 |a 1000186032  |b Serials  |c Reference  |e Gong Badak Campus